000 00597nam a2200205Ii 4500
003 JO-AjNU
008 230606s9999||||xx |||||||||||||| ||und||
020 _a978-0-8264-9580-8
040 _aJO-AjNU
_beng
_erda
_cJO-AjNU
041 _aeng
050 1 4 _aPT2621.A26.Z76435 2010
100 3 _aKoelb, Claayton ,
_eauthor
_92543
245 0 0 _akafka:Aguide for the perplexed
264 3 1 _aContinuum, 2010
300 _a183P
336 _atext
_btxt
_2rdacontent
337 _aunmediated
_bn
_2rdamedia
338 _avolume
_bnc
_2rdacarrier
650 4 _a Modernism (Literature) -- Germany. 
_92544
999 _aE1330
_c1330
_d1330